Tecnología de la carne

Saved in:
Bibliographic Details
Main Authors: Bogner, Herrmann (Author), Matzke, Peter (Author)
Format: Book
Language:Spanish
Published: Zaragoza Acribia 1969
Subjects:
Tags: Add Tag
No Tags, Be the first to tag this record!

MARC

LEADER 00000nam a2200000 a 4500
001 UCR4867
003 CL-VaPUC
008 980320e19690000SP |||||||||||||||||spa|d
082 0 4 |a 664.9  |b BOG  |2 21 
100 0 |a Bogner, Herrmann  |e author  |9 405391 
700 0 |a Matzke, Peter  |e author  |9 405392 
245 1 0 |a Tecnología de la carne 
300 |a 118 p 
942 |c BK 
945 |d 19980320 00:00:00  |a crobeson 
260 |a Zaragoza  |b Acribia  |c 1969 
650 7 |a TECNOLOGIA DE ALIMENTOS  |2 CL-VaPUC  |9 405393 
650 0 |a Carne  |9 259507 
583 |a last modification  |c 19980320 00:00:00  |k Rodrigo Vera 
999 |c 267663  |d 267661 
952 |0 0  |1 0  |4 0  |6 664_900000000000000_BOG_1969  |7 0  |8 A  |9 300136  |a BIBALI  |b BIBALI  |d 2019-11-20  |i 1967037  |o 664.9 BOG 1969  |p 1967037  |r 2025-01-20  |w 2019-11-20  |y BK  |k ALI